000 00535nam a22001817a 4500
005 20251108173211.0
008 250721s2002 xx 000 0 ara d
082 1 4 _a641.5/خال
100 1 _aالخالدي، هداية
245 1 0 _aألف ياء الطبخ الشرقي والغربي /
264 1 _aعمان :
_bدار الخليج للنشر والتوزيع،
_c2002.
300 _a78ص
650 1 7 _aالبلدان العربية
650 1 7 _aالغرب
650 1 7 _aالطبخ
942 _2ddc
_cBK
999 _c98371
_d98371